000 00265nam a22001097a 4500
008 240701b |||||||| |||| 00| 0 eng d
100 _aAsrani, Vishiudas
_916186
245 _aTahkanji Tijori
260 _aBombay:
_bShobha Pub,
_c1969.
300 _a92p.
942 _cBK
999 _c40207
_d40207